000 00553nam a2200205Ia 4500
005 20250508162313.0
008 008 250505s9999 xx 000 0 eng d
020 _a0-05-002830-8
037 _aTextual
040 _aFEDL
_beng
_cFEDL
041 _aeng
_2eng
084 _a370.7, WAR
_qFEDL
100 _aWarwick David
_991142
245 0 _aSchool - based in - service education
260 _aEdinburgh
_bOliver and Boyd
_c1975
300 _av,54p
650 _aEducation
942 _cTEXL
_h370.7, WAR
999 _c1375713
_d1375713